Citizenship and nationhood in France and Germany

Αποθηκεύτηκε σε:
Λεπτομέρειες βιβλιογραφικής εγγραφής
Κύριος συγγραφέας: Brubaker, Rogers, 1956-
Μορφή: Βιβλίο
Γλώσσα:English
Δημοσίευση: Cambridge, Mass. : Harvard University Press, 1992
Θέματα:
Ετικέτες: Προσθήκη ετικέτας
Δεν υπάρχουν, Καταχωρήστε ετικέτα πρώτοι!

MARC

LEADER 00000cam a2200000 i 4500
001 1/3856
008 100129s1992 eng d
020 |a 0-674-13178-9 (pbk.) 
035 |l 10106526 
040 |a GR-MY-UA  |b gre  |e aacr 
041 0 |a eng 
082 0 |a 323.60944  |2 (22) 
100 1 |a Brubaker, Rogers,   |d 1956- 
245 1 0 |a Citizenship and nationhood in France and Germany /  |c Rogers Brubaker 
260 |a Cambridge, Mass. :   |b Harvard University Press,   |c 1992 
300 |a 270 σ.;  |c 24 εκ. 
504 |a Βιβλιογραφία: σ. 245-265 
504 |a Ευρετήριο: σ. 267-270 
650 0 0 |a Citizenship  |z France. 
650 0 0 |a Naturalization  |z France. 
650 0 0 |a Nationalism  |z France  |x History. 
650 0 0 |a Citizenship  |z Germany. 
650 0 0 |a Naturalization  |z Germany. 
650 0 0 |a Nationalism  |z Germany  |x History. 
852 |a INST  |b LESVOS  |e 20100129  |h 323.60944 BRU  |p 005100045811  |q 005100045811  |t BK  |y 0 
901 |a BIBL1-2010-1 
909 |a Λ  |b 160698 
970 |a ΓΙΑΛΑΜΑ  |b ΜΑΡΙΑ  |z 2010/01/29